000 01216nam a2200349Ia 4500
003 OSt
005 20221007122417.0
006 a|||||r|||| 00| 0
007 ta
008 221006b |||||||| |||| 00| 0 eng d
020 _a9780127521909 (hbd)
024 _a84467
037 _b002, 23/07/2009, Aviva Books Company
_cTextbook
040 _aPAPL
_cPAPL
_beng
041 _2eng
_aeng
082 _aC6:212, P7 Carpa
100 _aJain Suresh C
_9714278
245 0 _aConducting organic materials and devices
_b Willander Magnus Kumar Vikram
260 _aAmsterdam
_bElsevier
_c2007
300 _avii,188p.
_ccm.
490 _aSemicondutors and semimetals, 81
500 _aBibliography 147-155p.; Index 157-166p.
650 _a Conducting polymers
_9714279
650 _a Electricity material science
_9714280
650 _a Organic conductors
_9714281
650 _a Polymers-Electric properties
_9714282
650 _aPhysics
700 _a Kumar Vikram
_9714283
700 _a Willander Magnus
_9714284
942 _hC6:212, P7 Carpa
_cTB
_2CC
999 _c1210305
_d1210305